Statistics for Regions of Guinea

Click here to take the quiz!

General Stats

  • This quiz has been taken 25 times
  • The average score is 6 of 8

Answer Stats

AreaPopulationRegion% Correct
500 km²1,680,000Conakry
100%
31,200 km²1,080,000Boké
73%
35,600 km²940,000Faranah
73%
72,100 km²1,990,000Kankan
73%
22,900 km²1,000,000Labé
64%
37,700 km²1,660,000Nzérékoré
64%
28,900 km²1,560,000Kindia
55%
17,100 km²730,000Mamou
55%

Score Distribution

Percentile by Number Answered

Percent of People with Each Score

Your Score History

You have not taken this quiz